Loading...
| Philosophy | 0 | 9 | 0 | 1 | 90 | 34 | 83.56 | 8 | 9 |
| Mythology | 0 | 8 | 0 | 1 | 80 | 101 | 122.13 | 0 | 8 |
| Literature - American Literature | 0 | 7 | 0 | 0 | 70 | 71 | 117.86 | 3 | 7 |
| Science - Biology | 0 | 7 | 1 | 3 | 65 | 90 | 109.57 | 5 | 7 |
| Religion | 0 | 7 | 2 | 0 | 60 | 61 | 79.71 | 5 | 7 |
| Fine Arts - Painting and Sculpture | 0 | 6 | 0 | 0 | 60 | 74 | 94.33 | 4 | 6 |
| History - European History | 0 | 6 | 0 | 1 | 60 | 41 | 66.83 | 4 | 6 |
| History - American History | 0 | 6 | 1 | 0 | 55 | 41 | 83.00 | 4 | 6 |
| Science - Chemistry | 0 | 6 | 1 | 0 | 55 | 104 | 115.83 | 3 | 6 |
| Literature - British Literature | 0 | 6 | 1 | 0 | 55 | 89 | 114.17 | 2 | 6 |
| Social Science | 0 | 5 | 0 | 0 | 50 | 80 | 94.80 | 4 | 5 |
| Science - Other Science | 0 | 5 | 0 | 0 | 50 | 76 | 82.20 | 2 | 5 |
| Literature - European Literature | 0 | 5 | 1 | 0 | 45 | 58 | 109.20 | 1 | 5 |
| History - Other History | 0 | 5 | 1 | 1 | 45 | 70 | 100.20 | 3 | 5 |
| Science - Physics | 0 | 5 | 1 | 1 | 45 | 89 | 104.80 | 1 | 5 |
| History - World History | 0 | 5 | 1 | 1 | 45 | 39 | 83.80 | 2 | 5 |
| Literature - World Literature | 0 | 3 | 1 | 1 | 25 | 9 | 91.00 | 1 | 3 |
| Fine Arts - Classical Music | 0 | 3 | 1 | 0 | 25 | 54 | 98.33 | 2 | 3 |
| Fine Arts - Other Fine Arts | 0 | 3 | 2 | 0 | 20 | 89 | 107.00 | 2 | 3 |
| Pop Culture | 0 | 1 | 0 | 0 | 10 | 78 | 78.00 | 0 | 1 |
| Other Academic | 0 | 1 | 1 | 0 | 5 | 45 | 45.00 | 1 | 1 |
| Geography | 0 | 1 | 1 | 0 | 5 | 84 | 84.00 | 0 | 1 |